000 00549nam a22001937a 4500
999 _c19195
_d19195
003 AR-CdUCM
008 190401b ||||| |||| 00| 0 spa d
040 _aMUNICIPALIDAD PROVINCIAL DEL CUSCO
_cBIBLIOTECA MUNICIPAL DEL CUSCO
082 _a828.35 /
_bSH527
100 _aShakespeare, William
_91013
245 _aHamlet /
260 _aBuenos Aires :
_bLosada,
_c1964.
300 _a256 paginas ;
_c20 cm.
505 _aContenido :Hamlet.
650 _aLiteratura peruana
_9169
650 _aNovelas
_9218
942 _2ddc
_cLIBROS
945 _arcc